載入...

What your son is not telling you:unlocking the secret world of teen boys

書目詳細資料
主要作者: Ross ,Michael
其他作者: Shellenberger ,Susie
格式: Printed Book
出版: New Delhi Good times books pvt ltd 2010
版:1
主題:
LEADER 00589nam a22001817a 4500
003 OSt
020 |a 9380619423 
082 |a 823  |b ROS/WH 
100 |a Ross ,Michael 
245 |a What your son is not telling you:unlocking the secret world of teen boys 
250 |a 1 
260 |a New Delhi  |b Good times books pvt ltd  |c 2010 
300 |a 190p. 
650 |a Psychology 
700 |a Shellenberger ,Susie 
942 |2 ddc  |c BK 
999 |c 190085  |d 190085 
952 |0 0  |1 0  |2 ddc  |4 0  |6 823_000000000000000_ROS_WH  |7 0  |8 FIC  |9 196329  |a KAUCBV  |b KAUCBV  |c CHILD  |d 2017-10-24  |g 195.00  |o 823 ROS/WH  |r 2017-10-24  |w 2017-10-24  |y BK